000 00579nam a2200229Ia 4500
005 20260430150723.0
008 008 250103s9999 xx 000 0 eng d
037 _aTheses
040 _aCRL
040 _beng
040 _ceng
041 _2eng
041 _aeng
084 _qCRL
100 _aInamullah Au.; Khan Mujeeb Ahmad Gu.
_91238293
245 0 _aJagan Nath Azad ki adbi khidmat ka tanqeedi tajzia
260 _c2024
300 _a268p.
700 _aUniversity of Delhi. Faculty of Arts. Department of Urdu
942 _cTH
999 _c1850463
_d1850463